La Teoría de la historia en Honduras /
Este trabajo sobre la teoría de la historia en Honduras es más aproximativo que conclusivo. Se presentan las principales corrientes y perspectivas que se han desarrollado en Honduras con relación a la interpretación de la historia, como la ilustrada, la positivista y la marxista, ya sea la hecha por...
Gespeichert in:
| 1. Verfasser: | |
|---|---|
| Format: | Text |
| Schlagworte: | |
| Tags: |
Tag hinzufügen
Keine Tags, Fügen Sie den ersten Tag hinzu!
|
MARC
| LEADER | 00000 a a2200000 04500 | ||
|---|---|---|---|
| 001 | 9304 | ||
| 003 | |||
| 040 | |||
| 100 | |a Sierra Fonseca, Rolando | ||
| 245 | |a La Teoría de la historia en Honduras / |c Rolando Sierra Fonseca | ||
| 520 | |a Este trabajo sobre la teoría de la historia en Honduras es más aproximativo que conclusivo. Se presentan las principales corrientes y perspectivas que se han desarrollado en Honduras con relación a la interpretación de la historia, como la ilustrada, la positivista y la marxista, ya sea la hecha por pensadores individuales, o por grupos con proyectos intelectuales y políticos, tomando en cuenta que la historiografía hondureña como tal es reciente. Si bien ha habido pensadores que se han dedicado a teorizar sobre la historia, la producción de estudios históricos ha sido escasa en el país. En este sentido se analiza la obra de tres pensadores hondureños: José Cecilio del Valle (1777-1834), Ramón Rosa (1848-1993) y Filander Díaz Chávez (1922-) | ||
| 650 | |a HONDURAS | ||
| 650 | |a HISTORIA SOCIAL | ||
| 650 | |a HISTORIA POLITICA | ||
| 650 | |a INTELECTUALES | ||
| 650 | |a ANALISIS HISTORICO | ||
| 650 | |a HISTORIOGRAFIA | ||
| 773 | |g número 40; páginas 93-127 | ||
| 999 | |c 29168 |d 29168 | ||
